00661nam a2200193Ia 4500003000500000008004100005020001800046040001900064082000700083100004500090245007000135246005500205260004200260300000900302546001200311942001200323999001700335952011500352STCL181203s9999 xx 000 0 und d a9789350718612 aSTCLbENcSTCL 222 aInternational Accounting Standards Board 0aIFRS Standards: Part A: The Conceptual Framework and Requirements aInternational Financial Reporting Standards (IFRS) bTaxmann PublicationsaNew Delhic2016 a1541 aEnglish 2ddccBK c85013d85013 00102ddc4070aSTCALbSTCALcGENd2018-12-03l0o657.0218 IFRS:1p93524r2018-12-03 00:00:00w2018-12-03yBK